El combate judicial o Juicio de Dios del duelo en las interpretaciones literarias / (Record no. 49910)

MARC details
000 -LEADER
campo de control de longitud fija 00833nam a2200193 i 4500
001 - NÚMERO DE CONTROL
campo de control 49910
003 - IDENTIFICADOR DE NÚMERO DE CONTROL
campo de control ES-MaACL
005 - FECHA Y HORA DE LA ÚLTIMA TRANSACCIÓN
campo de control 20260127062529.0
007 - CAMPO FIJO DE DESCRIPCIÓN FÍSICA--INFORMACIÓN GENERAL
campo de control de longitud fija t|
008 - DATOS DE LONGITUD FIJA--INFORMACIÓN GENERAL
campo de control de longitud fija 030725s1919 sp ||||1| spa d
100 1# - ENTRADA PRINCIPAL--NOMBRE DE PERSONA
Nombre de persona Crehuet del Amo, Diego María.
9 (RLIN) 41475
245 13 - MENCIÓN DEL TÍTULO
Título El combate judicial o Juicio de Dios del duelo en las interpretaciones literarias /
Mención de responsabilidad, etc. conferencia por Diego María Crehuet pronunciada en la sesión pública de 13 de marzo de 1918.
260 ## - PUBLICACIÓN, DISTRIBUCIÓN, ETC.
Lugar de publicación, distribución, etc. Madrid :
Nombre del editor, distribuidor, etc. [s.n.],
Fecha de publicación, distribución, etc. 1919 (
Fabricante Est. tip. de Jaime Ratés)
500 ## - NOTA GENERAL
Nota general Precede al tít.: Real Academia de Jurisprudencia y Legislación.
700 ## - ENTRADA AGREGADA--NOMBRE PERSONAL
Nombre de persona Real Academia de Jurisprudencia y Legislación de España
9 (RLIN) 217612
740 0# - ENTRADA AGREGADA--TÍTULO RELACIONADO/ANALÍTICO NO CONTROLADO
Título relacionado o analítico no controlado Juicio de Dios del duelo en las interpretaciones literarias.
852 ## - LOCALIZACIÓN
Ubicación ES-MaACL
Número de control de estantería 1863-F-19
Sublocalización o colección R.21487
Holdings
Estatus retirado Estado de pérdida Estado de daño No para préstamo Colección Biblioteca de origen Biblioteca actual Ubicación en estantería Fecha de adquisición Fuente de adquisición Total de préstamos Signatura topográfica completa Código de barras Visto por última vez Precio de reemplazo Tipo de ítem Koha
        Colección de folletos Biblioteca del Ateneo de Madrid Biblioteca del Ateneo de Madrid Depósito folletos 17/01/2008     1863-F-19 1052507 23/02/2023 23/02/2023 Folleto